| 000 | 00710 a2200205 4500 | ||
|---|---|---|---|
| 010 | _aENG-85836 | ||
| 020 |
_a9788120332140 _c895.00 |
||
| 020 | _a8120332140 | ||
| 035 | _aEN-69369 | ||
| 037 | _bD.B.Act / Pub | ||
| 082 | 1 | 4 | _a004.682 |
| 090 |
_c3592 _d3592 |
||
| 100 | 1 | _aEnglish, Bill. | |
| 245 | 1 |
_aMicrosoft Office Sharepoint Server 2007 administrator's companion _cBill English with the Microsoft SharePoint Community Experts |
|
| 260 |
_aNew Delhi _bPrentice-Hall of India _c2007. |
||
| 300 |
_axliv, 1155 p. _bill _c23 cm (Hb) _eCD-ROM |
||
| 500 | _aIncludes index. | ||
| 942 |
_adpl _cEN _k004.682 / ENG |
||
| 999 |
_c3521 _d3521 |
||